Etiqueta de registo: 00254nam 2200025 450
001 2224152
003 http://id.bnportugal.gov.pt/bib/catbnp/2224152
010 ## $a978-989-571-335-6
021 ## $aPT$b532475/24
100 ## $a20250825d2024 m y0pory01030103ba
101 1# $apor
102 ## $aPT
105 ## $aa z 000yy
106 ## $ar
200 1# $aApatite$ftextos Lia Gómez$gpesquisa Héctor Gómez$gtrad. Teresa Souto
210 #9 $a[S.l.]$cAtlântico Press,$dD.L. 2024
215 ## $a15 p.$cil.$d27 cm
225 2# $a A energia das pedras$v28
675 ## $a615.85(035)$vBN$zpor$3876340
675 ## $a549.75(035)$vBN$zpor$31965812
675 ## $a133.2(035)$vBN$zpor$31224801
700 #1 $aGómez,$bLia$31894070
702 #1 $aUroz Rodríguez,$bHéctor$4205$31266744
702 #1 $aSouto,$bTeresa Ana,$f1959-$4730$31187722
801 #0 $aPT$bBN$gRPC
856 41 $uhttp://rnod.bnportugal.gov.pt/ImagesBN/winlibimg.aspx?skey=&doc=2224152&img=212135&save=true
900 ## $aBIBNAC$d20251001
966 ## $lBN$mFGMON$sS.A. 191717 V.$x1
966 ## $lBN$mFGMON$sS.A. 191717 V.-D$x1
971 ## $cssilva$d20250825
973 ## $cmlsousa$d20250909
975 ## $e0$d20251001$viquintas
Etiqueta de registo: 00230nam 2200025 450
001 1388569
003 http://id.bnportugal.gov.pt/bib/catbnp/1388569
010 ## $a84-690-0503-0
021 ## $aES$bMU-1533-2006
100 ## $a20061124d2006 m y0pory0103 ba
101 0# $aspa
102 ## $aES
106 ## $ar
200 1# $a El programa iconográfico religioso de la "Tumba del Orfebre" de Cabezo Lucero (Guardamar
del Segura, Alicante)
205 ## $a1ª ed
210 #9 $aMurcia$cComunidad Autónoma de la Región de Murcia,$d2006
215 ## $a219 p.
225 2# $aMonografías del Museo de Arte Ibérico de El Cigarralejo$v3
320 ## $aBibliografia, p. 173-212
675 ## $a903.08(460)(083.82)$vBN$zpor$31267085
675 ## $a7.04(460)(083.82)$vBN$zpor$31267086
675 ## $a069.5(460)$vBN$zpor$31180828
700 #1 $aUroz Rodríguez,$bHéctor$31266744
801 #0 $aPT$bBN$gRPC
966 ## $lBN$mFGMON$sH.G. 9594 A.$x3
Etiqueta de registo: 00254nam 2200025 450
001 2224150
003 http://id.bnportugal.gov.pt/bib/catbnp/2224150
010 ## $a978-989-571-349-3
021 ## $aPT$b532488/24
100 ## $a20250825d2024 m y0pory01030103ba
101 1# $apor
102 ## $aPT
105 ## $aa z 000yy
106 ## $ar
200 1# $aXilopala$ftextos Lia Gómez$gpesquisa Héctor Rodriguez$gtrad. Teresa Souto
210 #9 $a[S.l.]$cAtlântico Press,$dD.L. 2024
215 ## $a15 p.$cil.$d27 cm
225 2# $a A energia das pedras$v41
675 ## $a615.85(035)$vBN$zpor$3876340
675 ## $a549.6(035)$vBN$zpor$31943270
675 ## $a133.2(035)$vBN$zpor$31224801
700 #1 $aGómez,$bLia$31894070
702 #1 $aUroz Rodríguez,$bHéctor$4205$31266744
702 #1 $aSouto,$bTeresa Ana,$f1959-$4730$31187722
801 #0 $aPT$bBN$gRPC
856 41 $uhttp://rnod.bnportugal.gov.pt/ImagesBN/winlibimg.aspx?skey=&doc=2224150&img=212134&save=true
900 ## $aBIBNAC$d20251001
966 ## $lBN$mFGMON$sS.A. 191730 V.$x1
966 ## $lBN$mFGMON$sS.A. 191730 V.-D$x1
971 ## $cssilva$d20250825
973 ## $cmlsousa$d20250909
975 ## $e0$d20251001$viquintas
Etiqueta de registo: 00254nam 2200025 450
001 2224149
003 http://id.bnportugal.gov.pt/bib/catbnp/2224149
010 ## $a978-989-571-345-5
021 ## $aPT$b532485/24
100 ## $a20250825d2024 m y0pory01030103ba
101 1# $apor
102 ## $aPT
105 ## $aa z 000yy
106 ## $ar
200 1# $aShunguite$ftextos Lia Gómez$gpesquisa Héctor Gómez$gtrad. Teresa Souto
210 #9 $a[S.l.]$cAtlântico Press,$dD.L. 2024
215 ## $a15 p.$cil.$d27 cm
225 2# $a A energia das pedras$v38
675 ## $a615.85(035)$vBN$zpor$3876340
675 ## $a549.21(035)$vBN$zpor$31965805
675 ## $a133.2(035)$vBN$zpor$31224801
700 #1 $aGómez,$bLia$31894070
702 #1 $aUroz Rodríguez,$bHéctor$4205$31266744
702 #1 $aSouto,$bTeresa Ana,$f1959-$4730$31187722
801 #0 $aPT$bBN$gRPC
856 41 $uhttp://rnod.bnportugal.gov.pt/ImagesBN/winlibimg.aspx?skey=&doc=2224149&img=212133&save=true
900 ## $aBIBNAC$d20251001
966 ## $lBN$mFGMON$sS.A. 191727 V.$x1
966 ## $lBN$mFGMON$sS.A. 191727 V.-D$x1
971 ## $cssilva$d20250825
973 ## $cmlsousa$d20250909
975 ## $e0$d20251001$viquintas
Etiqueta de registo: 00254nam 2200025 450
001 2224148
003 http://id.bnportugal.gov.pt/bib/catbnp/2224148
010 ## $a978-989-571-348-6
021 ## $aPT$b532487/24
100 ## $a20250825d2024 m y0pory01030103ba
101 1# $apor
102 ## $aPT
105 ## $aa z 000yy
106 ## $ar
200 1# $aÁgata lilás$ftextos Lia Gómez$gpesquisa Héctor Rodriguez$gtrad. Teresa Souto
210 #9 $a[S.l.]$cAtlântico Press,$dD.L. 2024
215 ## $a15 p.$cil.$d27 cm
225 2# $a A energia das pedras$v40
675 ## $a615.85(035)$vBN$zpor$3876340
675 ## $a549.6(035)$vBN$zpor$31943270
675 ## $a133.2(035)$vBN$zpor$31224801
700 #1 $aGómez,$bLia$31894070
702 #1 $aUroz Rodríguez,$bHéctor$4205$31266744
702 #1 $aSouto,$bTeresa Ana,$f1959-$4730$31187722
801 #0 $aPT$bBN$gRPC
856 41 $uhttp://rnod.bnportugal.gov.pt/ImagesBN/winlibimg.aspx?skey=&doc=2224148&img=212132&save=true
900 ## $aBIBNAC$d20251001
966 ## $lBN$mFGMON$sS.A. 191729 V.$x1
966 ## $lBN$mFGMON$sS.A. 191729 V.-D$x1
971 ## $cssilva$d20250825
973 ## $cmlsousa$d20250909
975 ## $e0$d20251001$viquintas
Etiqueta de registo: 00254nam 2200025 450
001 2224145
003 http://id.bnportugal.gov.pt/bib/catbnp/2224145
010 ## $a978-989-571-346-2
021 ## $aPT$b532486/24
100 ## $a20250825d2024 m y0pory01030103ba
101 1# $apor
102 ## $aPT
105 ## $aa z 000yy
106 ## $ar
200 1# $aUnaquite$ftextos Lia Gómez$gpesquisa Héctor Rodriguez$gtrad. Teresa Souto
210 #9 $a[S.l.]$cAtlântico Press,$dD.L. 2024
215 ## $a15 p.$cil.$d27 cm
225 2# $a A energia das pedras$v39
675 ## $a615.85(035)$vBN$zpor$3876340
675 ## $a552.4(035)$vBN$zpor$31965777
675 ## $a133.2(035)$vBN$zpor$31224801
700 #1 $aGómez,$bLia$31894070
702 #1 $aUroz Rodríguez,$bHéctor$4205$31266744
702 #1 $aSouto,$bTeresa Ana,$f1959-$4730$31187722
801 #0 $aPT$bBN$gRPC
856 41 $uhttp://rnod.bnportugal.gov.pt/ImagesBN/winlibimg.aspx?skey=&doc=2224145&img=212130&save=true
900 ## $aBIBNAC$d20251001
966 ## $lBN$mFGMON$sS.A. 191728 V.$x1
966 ## $lBN$mFGMON$sS.A. 191728 V.-D$x1
971 ## $cssilva$d20250825
973 ## $cmlsousa$d20250909
975 ## $e0$d20251001$viquintas
Etiqueta de registo: 00254nam 2200025 450
001 2224144
003 http://id.bnportugal.gov.pt/bib/catbnp/2224144
010 ## $a978-989-571-321-9
021 ## $aPT$b531816/24
100 ## $a20250825d2024 m y0pory01030103ba
101 1# $apor
102 ## $aPT
105 ## $aa z 000yy
106 ## $ar
200 1# $aCristal de quartzo$ftextos Lia Gómez$gpesquisa Héctor Rodriguez$gtrad. Teresa Souto
210 #9 $a[S.l.]$cAtlântico Press,$dD.L. 2024
215 ## $a15 p.$cil.$d27 cm
225 2# $a A energia das pedras$v14
675 ## $a615.85(035)$vBN$zpor$3876340
675 ## $a549.6(035)$vBN$zpor$31943270
675 ## $a133.2(035)$vBN$zpor$31224801
700 #1 $aGómez,$bLia$31894070
702 #1 $aUroz Rodríguez,$bHéctor$4205$31266744
702 #1 $aSouto,$bTeresa Ana,$f1959-$4730$31187722
801 #0 $aPT$bBN$gRPC
856 41 $uhttp://rnod.bnportugal.gov.pt/ImagesBN/winlibimg.aspx?skey=&doc=2224144&img=212129&save=true
900 ## $aBIBNAC$d20251001
966 ## $lBN$mFGMON$sS.A. 191703 V.$x1
966 ## $lBN$mFGMON$sS.A. 191703 V.-D$x1
971 ## $cssilva$d20250825
973 ## $cmlsousa$d20250909
975 ## $e0$d20251001$viquintas